ბათუმის შოთა რუსთაველის სახელმწიფო უნივერსიტეტის ბიბლიოთეკა

პესტიციდური აქტივობის მცენარეები (ბიბ.ჩანაწერი № 35360)

000 -LEADER
fixed length control field 00907nam a2200241Ia 4500
001 - CONTROL NUMBER
control field 1213
003 - CONTROL NUMBER IDENTIFIER
control field GE_BSU
008 - FIXED-LENGTH DATA ELEMENTS--GENERAL INFORMATION
fixed length control field 181216s||||||||xx |||||||||||||| ||und||
010 ## - LIBRARY OF CONGRESS CONTROL NUMBER
LC control number 552001
040 ## - CATALOGING SOURCE
Transcribing agency GE_BSU
080 ## - UNIVERSAL DECIMAL CLASSIFICATION NUMBER
Universal Decimal Classification number 632(075.8)
100 ## - MAIN ENTRY--PERSONAL NAME
Personal name ბუაჩიძე, კარლო
245 ## - TITLE STATEMENT
Title პესტიციდური აქტივობის მცენარეები
245 ## - TITLE STATEMENT
Remainder of title (გამოყენება მცენარეთა დაცვაში)
245 ## - TITLE STATEMENT
Statement of responsibility, etc. რედ. გ. გეგენავა, შ. შუბლაძე
260 ## - PUBLICATION, DISTRIBUTION, ETC.
Place of publication, distribution, etc. თბილისი
260 ## - PUBLICATION, DISTRIBUTION, ETC.
Name of publisher, distributor, etc. მეცნიერება
260 ## - PUBLICATION, DISTRIBUTION, ETC.
Date of publication, distribution, etc. 1985
300 ## - PHYSICAL DESCRIPTION
Extent 141 გვ. 19 სმ.
653 ## - INDEX TERM--UNCONTROLLED
Uncontrolled term პესტიციდური აქტივობის მცენარეები; მცენარეთა დაცვა;
942 ## - ADDED ENTRY ELEMENTS (KOHA)
Koha item type წიგნი
ეგზემპლარები
Withdrawn status Lost status Damaged status Not for loan Date acquired Barcode Date last seen Price effective from Koha item type
        2018-12-17 2682 2018-12-17 2018-12-17 წიგნი